| 000 | 00361cam a22000977a 4500 | ||
|---|---|---|---|
| 008 | 180718b1958 xxu||||| |||| 00| 0 eng d | ||
| 082 | _aA45:R64011 BOMB/1957-58 | ||
| 245 |
_aAnnual report on the administration of the Indian boilers act, 1923, in the state of Bombay, 1957-58 _cby Government of Bombay |
||
| 260 |
_aKolhapur _bGovernment PRess _c1958 |
||
| 300 | _a18p. | ||
| 999 |
_c504179 _d504179 |
||